| 000 | 00958nas a2200301 i 4500 | ||
|---|---|---|---|
| 001 | 2331 | ||
| 003 | ES-MaACL | ||
| 005 | 20250724062604.0 | ||
| 007 | t| | ||
| 008 | 950801c1985 sp q| | 1 ||pa d | ||
| 022 | _a0213-4373 | ||
| 080 | _a008 | ||
| 245 | 0 | 0 |
_aTuria _b: revista cultural. |
| 260 |
_aTeruel : _bInstituto de Estudios Turolenses, _c1985- |
||
| 300 |
_a31 v.; _c22 cm. |
||
| 310 | _aTrimestral | ||
| 362 | 0 | _aNº 1 (1985)- | |
| 555 | 8 | _aIndices nº 0-50, publicado en 1999 (autor: Juan Domínguez Lasierra) | |
| 650 | 7 |
_aCultura _2embne _9170963 |
|
| 655 | 7 |
_2tgfbne _9226866 _aRevistas |
|
| 710 | 2 |
_aInstituto de Estudios Turolenses. _94937 |
|
| 852 |
_aES-MaACL _jHEM-1859 _92372 _cHEM |
||
| 856 |
_uhttps://dialnet.unirioja.es/servlet/revista?codigo=1458 _ySumarios de la revista en Dialnet |
||
| 866 | 0 | _o1986-2012. | |
| 942 |
_2udc _cPERIODICA |
||
| 999 |
_c2331 _d2331 |
||